| LDR | | 00000nam c2200205 c 4500 |
| 001 | | 000000242213 |
| 005 | | 20181023145852 |
| 007 | | ta |
| 008 | | 181002s2012 ulkak rb 000a kor |
| 020 | |
▼a 9788966809073
▼g 03370 :
▼c \18000 |
| 040 | |
▼a 248032
▼c 248032
▼d 248032 |
| 049 | 0 |
▼l EM100163 |
| 056 | |
▼a 373
▼2 4 |
| 090 | |
▼a 373
▼b 민94ㅎ |
| 245 | 20 |
▼a 한국형 수업컨설팅 /
▼d 민혜리,
▼e 심미자,
▼e 윤희정 공저 |
| 250 | |
▼a 초판 |
| 260 | |
▼a 서울 :
▼b 학이시습,
▼c 2012 |
| 300 | |
▼a vii, 230 p. :
▼b 삽화, 양식 ;
▼c 23 cm |
| 504 | |
▼a 참고문헌 (p. 218) 수록 |
| 525 | |
▼a 부록: "수업컨설팅 사전 조사(교수용)" 외 수록 |
| 653 | |
▼a 수업
▼a 컨설팅
▼a 한국형
▼a 교육 |
| 700 | 1 |
▼a 민혜리,
▼e 저 |
| 700 | 1 |
▼a 심미자,
▼e 공저 |
| 700 | 1 |
▼a 윤희정,
▼e 공저 |
| 950 | 0 |
▼b \18000 |
| 990 | |
▼a 관리자3
▼b 관리자3 |